|
|
|
|
| LEADER |
00000cam a2200000 7i4500 |
| 001 |
0000017052 |
| 005 |
20230529.0 |
| 008 |
060918 my may |
| 020 |
|
|
|a 9832661455 (pbk)
|
| 040 |
|
|
|a INS
|
| 090 |
0 |
0 |
|a QA76.76.O63
|b .A136 2004
|
| 100 |
0 |
|
|a Abdul Latiff Esa
|
| 245 |
1 |
0 |
|a Windows Server 2003 :
|b menguasai sistem operasi
|c Abdul Latiff bin Esa
|
| 260 |
|
|
|a Batu Caves, Selangor :
|b Venton Publishing ,
|c c2004
|
| 300 |
|
|
|a 1 v.(Various pagings) :
|b ill. ;
|c 25 cm.
|
| 650 |
|
0 |
|a Microsoft Windows Server
|
| 650 |
|
0 |
|a Operating Systems (Computers)
|
| 999 |
|
|
|a 0000017260
|b BOOK
|c Open Shelf
|e Default branch
|